000 00277cam a2200109ua 4500
082 _a660
_bPER/CH
100 _aPerry, John H .
_91562
245 _aChemical Engineers Hand Book /
260 _aLondon :
_bMcGraw Hill Book Company ,
_c1991.
300 _a2260 ; .
942 _cREF
999 _c10277
_d10277